000 00586nam a2200193Ia 4500
003 IN-BaIIA
008 211028s9999 xx 000 0 eng d
040 _cIIA Library
080 _a535.821
_bTWY
100 _aTwyman, F.
_91799
245 0 _aPrism and lens making
_ba textbook for optical glass workers
_cF. Twyman
260 _aLondon
_bAdam Hilger
_c1942
300 _a178p.
650 _aAstronomy and astrophysics thesaurus
650 _aLens design
_97241
650 _aLenses
_92979
650 _aPrisms
_916126
942 _cBK
999 _c10087
_d10087